EASTENDERS QUIZ. - Statistics

General Stats
  • This quiz has been taken 1,770 times
  • The average score is 7 of 14
Answer Stats
Hint Answer % Correct
Who's The Oldest Daughter Of Max And Tanya? Lauren
96%
How Many Children Does Jack Branning Have? 3
91%
Who's Dot's Husband? Jim
86%
Who Is Tanya's Youngest Child? Oscar
81%
What's Kat Moon's Son Called? Tommy
81%
How Many Different People Has Kat Cheated On Alfie With? 4
75%
What's Janine's Daughter Called? Scarlett
62%
Who Is George's Dad? Darren
42%
Who Play's Ronnie Mitchell? Samantha Womack
39%
What is Zainab And Masood's Baby Called? Kamil
30%
What is Syed Masood's Daughter's Name? Yasmin
23%
Who Fell In Love With Her Dead Son's Friend? Carol Jackson
20%
When Was The First Episode Of Eastenders Shown? 19th February 1985
6%
When did Roxy and Ronnie Arrive In Walford? 24th July 2007
2%
No matching quizzes found
Score Distribution
Percent of People with Each Score
Percentile by Number Answered
Your Score History
You have not taken this quiz